000 00431nam a22001577a 4500
020 _a8188554065
082 _aH803
_bSAN/K
100 _aSandeep Lotlikar
_947675
245 _aKashinath Singh ka samsmaranatmak sahitya/
_cby Sandeep Lotlikar
260 _aKanpur:
_bVidya prakashan,
_c2005.
300 _a152p.
650 _aMemoirs Hindi
_947676
650 _aLiterature Hindi
_947677
650 _aLiterature
_947678
942 _cBK
999 _c71852
_d71852